Nechte pro sebe pracovat nejen peníze, ale i data. Naučte se je využívat na maximum

Nástroje, ktoré môžu dať bankérom informácie potrebné pre rozhodovanie, alebo poskytnutie poradenstva klientovi na základe dôkladnej analýzy jeho situácie a očakávaných potrieb. Služby orientované na klienta.

Saved in:
Bibliographic Details
Main Author: Stoklasa, Ondřej
Format: Book Chapter
Language:Czech
Subjects:
Tags: Add Tag
No Tags, Be the first to tag this record!

MARC

LEADER 00000naa a2200000 4500
001 0200382
005 20231211083653.9
041 0 |a cze 
044 |a CZ 
245 1 0 |a Nechte pro sebe pracovat nejen peníze, ale i data. Naučte se je využívat na maximum  |c Ondřej Stoklasa 
520 |a Nástroje, ktoré môžu dať bankérom informácie potrebné pre rozhodovanie, alebo poskytnutie poradenstva klientovi na základe dôkladnej analýzy jeho situácie a očakávaných potrieb. Služby orientované na klienta. 
610 2 0 |a bankovníctvo 
610 2 0 |a banky 
610 2 0 |a nástroje bankové 
610 2 0 |a služby bankové 
610 2 0 |a služby finančné 
610 2 0 |a poradenstvo finančné 
610 2 0 |a business intelligence 
100 1 |a Stoklasa, Ondřej